00643 2200241 4500001002100000005001700021008004100038035002400079082001000103090001500113245007800128250001100206260003300217300001800250500003400268650001900302700001600321850001500337980001500352985000600367986001300373999001500386YOGYA-0209000000439920090227020717.0 ind  0010-020900000004399 a149.3 a149.3bPro aPROYEKSI astralbPengembangan potensi diluar badan jasmanicD. Scott Rogo aCet. 4 aSemarangbDahara Prizec1996 a160 hlmcilus aJudul asli : leaving the body aPara Psikologi aRogo, Scott aYOPDYOG(B) a20-06-2006 a1 aPKLrtrev a97P0102342